01235nam a2200301 a 45000010005000000030008000050050017000130080039000300200015000690350019000840400027001030410008001300820025001381000027001632450064001902600106002543000034003604900040003945040041004346500032004756500039005076500030005468300048005769420012006249990015006369520140006519520142007918520BD-RjUL20211208234614.0160901s1977 enka b 001 0 eng a0470992158 a(BD-RjUL) 8565 aDLCcDLCdBD-RjULbeng aeng00a519.23bDAL 19772231 aDavis, M. H. A.92653710aLinear estimation and stochastic control /cM. H. A. Davis. aLondon ;aNew York :bChapman and Hall ;bWiley : distributed in the U.S.A. by Halsted Press,cc1977. axii, 224 p. :bill. ;c23 cm.0 aChapman and Hall mathematics series aBibliography: p. 216-218 and index.  0aStochastic processes920907 0aStochastic control theory.9154667 0aEstimation theory.921448 aChapman and Hall mathematics series9153273 2ddccBK c8520d8520 00102ddc40708NFICaRUCLbRUCLcStackd1984-09-24eToppan Tulipg15.30l0o519.23 DAL 1977r2014-01-18 00:00:00tC-2w2021-12-08yBK 00102ddc40718NFICaRUCLbRUCLcReadingd1984-09-24eToppan Tulipg15.30l0o519.23 DAL 1977r2016-09-01 00:00:00tC-1w2016-09-01yBK